LEADER 01362cam0-22004331i-450- 001 990002853560403321 005 20051114125423.0 010 $a88-204-8400-5 035 $a000285356 035 $aFED01000285356 035 $a(Aleph)000285356FED01 035 $a000285356 100 $a20030910d1994----km-y0itay50------ba 101 0 $aita 102 $aIT 105 $ay-------001yy 200 1 $aPolitiche industriali, concorrenza e sviluppo nel Mezzogiorno d'Europa$fIstituto Guglielmo Tagliacarne 210 $aMilano$cF. Angeli$d1994 215 $a223 p.$d23 cm 225 1 $aEconomia e politica industriale$v99 610 0 $aPaesi mediterranei$aSviluppo industriale$a1980-1990 610 0 $aComunità economica europea$aPolitica regionale 610 0 $aPolitica industriale$aEuropa meridionale 676 $a338.091822 676 $aH/2.14 710 02$aIstituto Guglielmo Tagliacarne$088853 801 0$aIT$bUNINA$gRICA$2UNIMARC 901 $aBK 912 $a990002853560403321 952 $a9-6-77-TI$b4728 DEA$fECA 952 $aCOLLEZ. 773 (99)$b24712$fFSPBC 952 $aH/2.14 TAG/94$b15443$fSES 952 $aSE 109.01.06-$b4645$fDECSE 959 $aECA 959 $aFSPBC 959 $aSES 959 $aDECSE 996 $aPolitiche industriali, concorrenza e sviluppo nel Mezzogiorno d'Europa$9418395 997 $aUNINA LEADER 02010oam 2200565zu 450 001 996216410103316 005 20220915183054.0 010 $a1-5090-7119-9 035 $a(CKB)1000000000812266 035 $a(SSID)ssj0000526964 035 $a(PQKBManifestationID)12204721 035 $a(PQKBTitleCode)TC0000526964 035 $a(PQKBWorkID)10521618 035 $a(PQKB)11054047 035 $a(EXLCZ)991000000000812266 100 $a20160829d2009 uy 101 0 $aeng 181 $ctxt 182 $cc 183 $acr 200 10$aHIS 2009 : Ninth International Conference on Hybrid Intelligent Systems : proceedings,12-14 August 2009, Shenyang, China 210 31$a[Place of publication not identified]$cIEEE Computer Society$d2009 300 $aBibliographic Level Mode of Issuance: Monograph 311 $a0-7695-3745-6 606 $aSoft computing$vCongresses 606 $aHybrid computers$vCongresses 606 $aNeural networks (Computer science)$vCongresses 606 $aFuzzy systems$vCongresses 606 $aExpert systems (Computer science)$vCongresses 606 $aArtificial intelligence$vCongresses 606 $aEngineering & Applied Sciences$2HILCC 606 $aComputer Science$2HILCC 615 0$aSoft computing 615 0$aHybrid computers 615 0$aNeural networks (Computer science) 615 0$aFuzzy systems 615 0$aExpert systems (Computer science) 615 0$aArtificial intelligence 615 7$aEngineering & Applied Sciences 615 7$aComputer Science 702 $aPan$b Jeng-Shyang$f1961- 702 $aAbraham$b Ajith$f1968- 702 $aLiu$b Jie 712 02$aIEEE Computer Society 712 12$aInternational Conference on Hybrid Intelligent Systems 801 0$bPQKB 906 $aPROCEEDING 912 $a996216410103316 996 $aHIS 2009 : Ninth International Conference on Hybrid Intelligent Systems : proceedings,12-14 August 2009, Shenyang, China$92319205 997 $aUNISA